|
|
|
|
| LEADER |
01248nam a2200241 a 4500 |
| 001 |
GR-Patra30810 |
| 003 |
GR-PaULI |
| 005 |
20231228085108.0 |
| 008 |
120229s1998 gr g 000 0 gre d |
| 020 |
|
|
|a 9603940194
|
| 040 |
|
|
|a GrPaTEI
|b gre
|c GR-PaULI
|e AACR2
|
| 082 |
0 |
4 |
|a 362.178 3
|2 23
|
| 100 |
1 |
|
|a Παπαλουκάς, Χρίστος Δ.
|9 201482
|e συγγραφέας.
|
| 245 |
1 |
0 |
|a Οργάνωση-λειτουργία τράπεζας ιστικών μοσχευμάτων /
|c Χρίστος Δαβίδ Παπαλουκάς.
|
| 250 |
|
|
|a 10η εκδ. αναδ.
|
| 260 |
|
|
|a Αθήνα :
|b Παρισιάνος,
|c 1998.
|
| 300 |
|
|
|a xvi, 110 σ. ;
|c 24 εκ.
|
| 504 |
|
|
|a Περιλαμβάνει βιβλιογραφία.
|
| 650 |
|
4 |
|a Τράπεζες ιστικών μοσχευμάτων
|9 201483
|
| 942 |
|
|
|2 ddc
|c BK
|
| 952 |
|
|
|0 0
|1 0
|2 ddc
|4 0
|6 362_178000000000000_3_ΠΑΠ
|7 0
|9 312939
|a LISP
|b LISP
|c BSC
|d 2021-01-17
|e
|f
|i 54475
|l 0
|o 362.178 3 ΠΑΠ
|p 025000305411
|r 2021-01-17 00:00:00
|t 2
|w 0000-00-00
|y BK15
|x
|x
|
| 952 |
|
|
|0 0
|1 0
|2 ddc
|4 0
|6 362_178300000000000_ΠΑΠ
|7 1
|9 312940
|a LISK
|b LISK
|c BSC
|d 2021-01-17
|e 24
|f 0
|g 0.00
|l 0
|o 362.1783 ΠΑΠ
|p 92410054750
|r 2021-01-17 00:00:00
|t 1
|w 2021-01-17
|y BKN
|x 20131014 0 0
|x GrPaTEI
|
| 999 |
|
|
|c 179242
|d 179242
|